| 000 | 00349nam a22001457a 4500 | ||
|---|---|---|---|
| 008 | 210518b ||||| |||| 00| 0 eng d | ||
| 020 | _a9781308633701 | ||
| 041 | _aeng | ||
| 080 |
_211th _a336 |
||
| 082 | _a336 | ||
| 100 | _a56 | ||
| 101 | _aFIN | ||
| 245 |
_aFundamentals of Corporate Finance _cUniversity of Minnesota Duluth |
||
| 942 |
_2udc _cBK |
||
| 999 |
_c57391 _d57391 |
||